[Event "4NCL 3 South pool D"]
[Site "Reading, ENG"]
[Date "2018.03.25"]
[Round "8.51"]
[White "Fowler, Hugo"]
[Black "Gregory, Stephen J"]
[Result "1-0"]
[WhiteElo "1921"]
[BlackElo "2095"]
[PlyCount "111"]
[EventDate "2018.03.25"]

1. e4 d6 2. d4 Nf6 3. Nc3 g6 4. Nf3 Bg7 5. Be2 O-O 6. O-O Nc6 7. Be3 e5 8. dxe5
Nxe5 9. Nxe5 dxe5 10. Qxd8 Rxd8 11. Bc4 c6 12. a4 Ng4 13. Bg5 Rd4 14. Bb3 h6
15. Be3 Rd7 16. h3 Nxe3 17. fxe3 Re7 18. Rxf7 Rxf7 19. Rf1 Kh7 20. Rxf7 b6 21.
Rc7 Ba6 22. Rxc6 Rc8 23. Rxc8 Bxc8 24. Bc4 Bf8 25. Kf2 g5 26. Nb5 a5 27. Nc7
Kg7 28. Nd5 Bc5 29. c3 Bb7 30. Ke2 Bxd5 31. exd5 Kf6 32. e4 h5 33. g4 hxg4 34.
hxg4 Ke7 35. Kd3 Kd7 36. Ba6 Kc7 37. Kc4 Bf2 38. Bb5 Be3 39. Bc6 Bc1 40. b4 Bd2
41. Kb3 Be1 42. Kc4 Bd2 43. bxa5 bxa5 44. Kc5 Bxc3 45. d6+ Kd8 46. Kd5 Bd4 47.
Ke6 Bb2 48. Kf5 Bd4 49. Kf6 Bc3 50. Kxg5 Bb4 51. d7 Ke7 52. Kf5 Bd6 53. g5 Bc7
54. Kg6 Kf8 55. Kh7 Bd8 56. g6 1-0

[Event "4NCL 3 South pool D"]
[Site "Reading, ENG"]
[Date "2018.03.25"]
[Round "8.52"]
[White "Wallis, Ian J"]
[Black "Di-Vetta, Andrew"]
[Result "1-0"]
[WhiteElo "2057"]
[BlackElo "1806"]
[PlyCount "92"]
[EventDate "2018.03.25"]

1. e4 e6 2. d4 d5 3. Nd2 Nf6 4. e5 Nfd7 5. Bd3 c5 6. c3 Nc6 7. Ne2 c4 8. Bc2 b5
9. O-O Be7 10. Ng3 g6 11. Ne2 a5 12. Nf3 Nb6 13. Bh6 Kd7 14. Qd2 Bb7 15. Nf4 a4
16. Nh3 Qg8 17. Qf4 Nd8 18. Rfe1 a3 19. b3 cxb3 20. axb3 Rc8 21. Qd2 Ra8 22.
Bd3 Bc6 23. Rec1 Nb7 24. Ne1 Na5 25. Rcb1 Kc7 26. Bg5 Qe8 27. Nc2 Nb7 28. Qe2
Bxg5 29. Nxg5 h6 30. Nf3 a2 31. Rb2 Qd7 32. Nb4 Na5 33. Nd2 Rhb8 34. Rbxa2 Nxb3
35. Nxb3 Rxa2 36. Nxa2 Nc4 37. Nb4 Ra8 38. Rxa8 Bxa8 39. Qa2 Bb7 40. Nc5 Qc8
41. Bxc4 bxc4 42. Qa5+ Kb8 43. Qb6 Ka8 44. Kf1 Kb8 45. Nba6+ Ka8 46. Nc7+ Kb8
1-0

[Event "4NCL 3 South pool D"]
[Site "Reading, ENG"]
[Date "2018.03.25"]
[Round "8.53"]
[White "Eckert, Jonathan"]
[Black "Myall, Ivan J"]
[Result "0-1"]
[WhiteElo "1840"]
[BlackElo "2042"]
[PlyCount "64"]
[EventDate "2018.03.25"]

1. e4 e5 2. Nc3 Nf6 3. Bc4 Nc6 4. Nf3 Bc5 5. d3 d6 6. Bg5 h6 7. Bh4 Be6 8. Nd5
Bxd5 9. exd5 Nb8 10. Nd2 g5 11. Bg3 a6 12. h4 Rg8 13. hxg5 hxg5 14. Ne4 Nxe4
15. dxe4 Qf6 16. c3 Nd7 17. b4 Ba7 18. Qe2 Ke7 19. O-O-O a5 20. Bb5 axb4 21.
cxb4 Bd4 22. Rd3 Nb6 23. Rf3 Rh8 24. Rd1 Qh6 25. Kb1 Rhc8 26. Qc2 g4 27. Rb3
Qh7 28. Qe2 Nxd5 29. Qxg4 Nc3+ 30. Rxc3 Bxc3 31. Bd7 Rg8 32. Bh4+ Kf8 0-1

[Event "4NCL 3 South pool D"]
[Site "Reading, ENG"]
[Date "2018.03.25"]
[Round "8.54"]
[White "Brown, David"]
[Black "Smith, Steve"]
[Result "1/2-1/2"]
[WhiteElo "1946"]
[BlackElo "1821"]
[PlyCount "29"]
[EventDate "2018.03.25"]

1. e4 e5 2. Nf3 Nc6 3. Bc4 Bc5 4. Nc3 Nf6 5. d3 d6 6. h3 Na5 7. Bb5+ c6 8. Ba4
b5 9. Bb3 h6 10. O-O O-O 11. Qe2 Nxb3 12. axb3 Be6 13. Be3 Bxe3 14. Qxe3 Qb6
15. b4 1/2-1/2

[Event "4NCL 3 South pool D"]
[Site "Reading, ENG"]
[Date "2018.03.25"]
[Round "8.55"]
[White "Melsom, Jonathan T"]
[Black "Hall, Antony C"]
[Result "0-1"]
[WhiteElo "1745"]
[BlackElo "1930"]
[PlyCount "92"]
[EventDate "2018.03.25"]

1. e4 d6 2. d4 Nf6 3. Nc3 g6 4. g3 Bg7 5. Bg2 O-O 6. Nge2 e5 7. dxe5 dxe5 8.
O-O Be6 9. Be3 a6 10. a4 Nc6 11. f4 Qxd1 12. Raxd1 Rfd8 13. Nd5 Bxd5 14. exd5
Ne7 15. c4 Ng4 16. Bc5 Nf5 17. Rd3 exf4 18. gxf4 Re8 19. Bf3 Nf6 20. Nc3 Nd6
21. b3 Nfe4 22. Bxd6 Nxd6 23. c5 Nf5 24. b4 Rad8 25. Rfd1 Re3 26. Ne2 Ree8 27.
Kf2 Nh4 28. Bg4 h5 29. Bh3 f5 30. Ng3 Bf8 31. Bf1 a5 32. d6 axb4 33. Rd4 b6 34.
Bb5 bxc5 35. Bxe8 cxd4 36. d7 Bd6 37. Ne2 c5 38. Kg3 g5 39. Kf2 g4 40. h3 Nf3
41. hxg4 hxg4 42. Ng3 Nh4 43. Rh1 Be7 44. Ke2 c4 45. Kd2 b3 46. Ne2 Nf3+ 0-1

[Event "4NCL 3 South pool D"]
[Site "Reading, ENG"]
[Date "2018.03.25"]
[Round "8.56"]
[White "Sheerin, Alex"]
[Black "Fowler, Caspian"]
[Result "1-0"]
[WhiteElo "1930"]
[BlackElo "1458"]
[PlyCount "53"]
[EventDate "2018.03.25"]

1. d4 Nf6 2. Bf4 g6 3. Nc3 d5 4. e3 Bg7 5. h4 O-O 6. h5 Bg4 7. f3 Be6 8. hxg6
fxg6 9. g4 Nbd7 10. Qd2 Kh8 11. Bd3 Bf7 12. Qh2 c6 13. Bh6 Rg8 14. Bf4 Re8 15.
Be5 Nf8 16. Nh3 Ne6 17. Nf4 Ng5 18. O-O-O Kg8 19. Rdf1 a6 20. Qh4 h6 21. Nxg6
Bxg6 22. Bxg6 Rf8 23. f4 Ne6 24. g5 Nh7 25. Bxg7 Nxg7 26. Qxh6 Kh8 27. Qxh7#
1-0

[Event "4NCL 3 South pool D"]
[Site "Reading, ENG"]
[Date "2018.03.25"]
[Round "8.61"]
[White "Salmons, Calum"]
[Black "Britton, Richard L"]
[Result "1-0"]
[WhiteElo "2035"]
[BlackElo "2250"]
[PlyCount "51"]
[EventDate "2018.03.25"]

1. e4 c5 2. Nc3 Nc6 3. g3 g6 4. Bg2 Bg7 5. d3 d6 6. f4 Nf6 7. Nf3 O-O 8. O-O
Rb8 9. h3 b5 10. g4 b4 11. Ne2 a5 12. f5 Nd7 13. Qe1 Nde5 14. Qh4 Nxf3+ 15.
Bxf3 c4 16. Bh6 cxd3 17. cxd3 Ba6 18. Nf4 Ne5 19. Nd5 Bxh6 20. Qxh6 Bxd3 21.
Be2 gxf5 22. Bxd3 Nxd3 23. Rxf5 f6 24. g5 fxg5 25. Rxg5+ Kf7 26. Rf1+ 1-0

[Event "4NCL 3 South pool D"]
[Site "Reading, ENG"]
[Date "2018.03.25"]
[Round "8.62"]
[White "Lyell, Mark"]
[Black "Blake, J Morgan"]
[Result "1-0"]
[WhiteElo "2296"]
[BlackElo "2102"]
[PlyCount "109"]
[EventDate "2018.03.25"]

1. e4 c5 2. Nc3 d6 3. f4 g6 4. Nf3 Bg7 5. Bb5+ Bd7 6. Bc4 Nc6 7. O-O Nd4 8. d3
e6 9. Nxd4 cxd4 10. Ne2 b5 11. Bb3 a5 12. a4 Ne7 13. Qe1 O-O 14. Bd2 b4 15. Qf2
Qb6 16. Rae1 d5 17. Qh4 Rae8 18. Ng3 dxe4 19. Nxe4 f6 20. Ng3 Kh8 21. Re2 f5
22. Rfe1 Bf6 23. Qh6 Bg7 24. Qh3 Nd5 25. Bxd5 exd5 26. b3 Qc5 27. Rxe8 Bxe8 28.
Rc1 Bf7 29. Ne2 Re8 30. Kf1 Bf6 31. Ng1 Qe7 32. Nf3 Qc7 33. Qg3 Re6 34. Qf2 Qb6
35. Ng5 Re7 36. Re1 Rxe1+ 37. Qxe1 Kg7 38. Qf2 Qc7 39. Be1 h6 40. Nh3 Qe7 41.
Ng1 Qc7 42. Qd2 Qe7 43. Nf3 Kh7 44. Bf2 Qc5 45. Bh4 Bxh4 46. Nxh4 Kg8 47. Nf3
Kh7 48. Ke1 Kg8 49. Kd1 g5 50. fxg5 Bh5 51. gxh6 Bxf3+ 52. gxf3 Qf8 53. Qf4 Qf6
54. Kc1 Kh7 55. Kb2 1-0

[Event "4NCL 3 South pool D"]
[Site "Reading, ENG"]
[Date "2018.03.25"]
[Round "8.63"]
[White "Rogacewicz, Mikolaj"]
[Black "Kovacs, Zoltan"]
[Result "1-0"]
[WhiteElo "1975"]
[BlackElo "2143"]
[PlyCount "51"]
[EventDate "2018.03.25"]

1. d4 Nf6 2. c4 g6 3. Nc3 Bg7 4. e4 d6 5. f3 O-O 6. Be3 e5 7. d5 c5 8. g4 Ne8
9. Qd2 f5 10. gxf5 gxf5 11. Bg5 Bf6 12. h4 Na6 13. O-O-O Nac7 14. f4 exf4 15.
Bxf4 b5 16. cxb5 a6 17. Qh2 axb5 18. e5 dxe5 19. d6 exf4 20. Qg2+ Kh8 21. dxc7
Nxc7 22. Rxd8 Bxd8 23. Qc6 Bf6 24. Qxc7 b4 25. Nb1 Bd4 26. Qxf4 1-0

[Event "4NCL 3 South pool D"]
[Site "Reading, ENG"]
[Date "2018.03.25"]
[Round "8.64"]
[White "Walker, Nicholas P"]
[Black "Graham, Cassie M"]
[Result "1-0"]
[WhiteElo "2124"]
[BlackElo "1997"]
[PlyCount "101"]
[EventDate "2018.03.25"]

1. e4 c5 2. Nf3 d6 3. Bb5+ Bd7 4. Bd3 Nc6 5. c3 g6 6. Bc2 Bg7 7. O-O Nf6 8. Re1
Bg4 9. h3 Bxf3 10. Qxf3 O-O 11. d3 Rc8 12. a4 a6 13. Nd2 Nd7 14. Nf1 b5 15.
axb5 axb5 16. Ne3 Nb6 17. Ng4 b4 18. Nh6+ Kh8 19. Nxf7+ Rxf7 20. Qxf7 bxc3 21.
bxc3 Bxc3 22. Bh6 Qg8 23. Qxg8+ Rxg8 24. Reb1 Bxa1 25. Rxa1 Nd4 26. Bd1 Rb8 27.
Ra7 Nc6 28. Rc7 Rc8 29. Rb7 Rb8 30. Rxb8+ Nxb8 31. Bb3 Nc6 32. f4 Nb4 33. Bf8
Nxd3 34. Bxe7 c4 35. Ba2 Nb4 36. Bb1 Nc8 37. Bf6+ Kg8 38. Bc3 Nc6 39. Kf2 Nb6
40. Ba2 Kf8 41. Ke3 Na4 42. Bd4 Na5 43. g4 Ke7 44. h4 Kd7 45. f5 gxf5 46. exf5
d5 47. g5 Ke7 48. f6+ Kf7 49. Bb1 Kg8 50. Bxh7+ Kxh7 51. f7 1-0

[Event "4NCL 3 South pool D"]
[Site "Reading, ENG"]
[Date "2018.03.25"]
[Round "8.65"]
[White "Graham, William M"]
[Black "Chin, Francis"]
[Result "1/2-1/2"]
[WhiteElo "1890"]
[BlackElo "2055"]
[PlyCount "113"]
[EventDate "2018.03.25"]

1. c4 e6 2. g3 c5 3. Bg2 Nc6 4. Nc3 g6 5. e4 Bg7 6. Nge2 Nge7 7. O-O d6 8. d3
O-O 9. Be3 Nd4 10. Rb1 Nec6 11. f4 a6 12. a3 Rb8 13. Bf2 Bd7 14. Nxd4 Nxd4 15.
Ne2 e5 16. b4 Bg4 17. Bxd4 cxd4 18. h3 Be6 19. f5 Bd7 20. g4 Bh6 21. Qe1 Be3+
22. Kh2 Qg5 23. Qg3 Qh6 24. h4 f6 25. Rf3 Ba4 26. Rxe3 dxe3 27. Rb2 Bd1 28. Nc3
e2 29. Nxe2 Bxe2 30. Rxe2 Qc1 31. d4 Qxc4 32. Rd2 Rbc8 33. g5 Qc1 34. Rd3 fxg5
35. dxe5 gxh4 36. Qxh4 Rc2 37. Rxd6 Qb2 38. Qg3 Rxg2+ 39. Qxg2 Qxe5+ 40. Qg3
Qxg3+ 41. Kxg3 gxf5 42. e5 Rc8 43. Rb6 Rc4 44. Rxb7 Re4 45. Ra7 Rxe5 46. Kf4
Re6 47. Kxf5 Rb6 48. Kg5 Rg6+ 49. Kh5 Rb6 50. Kh4 Rd6 51. Kg5 Rg6+ 52. Kf5 Rb6
53. Ke5 Rg6 54. Kd5 Rf6 55. Ke5 55... Rb6 $11 56. Kd5 Rf6 57. Ke5 1/2-1/2

[Event "4NCL 3 South pool D"]
[Site "Reading, ENG"]
[Date "2018.03.25"]
[Round "8.66"]
[White "Clancy, Martin J"]
[Black "Sutton, Daniel"]
[Result "0-1"]
[WhiteElo "1812"]
[BlackElo "1960"]
[PlyCount "98"]
[EventDate "2018.03.25"]

1. e4 e5 2. Nf3 Nc6 3. Bb5 a6 4. Ba4 Nf6 5. O-O b5 6. Bb3 Bc5 7. c3 d6 8. d4
Bb6 9. h3 O-O 10. a4 Bb7 11. d5 Ne7 12. Re1 h6 13. axb5 axb5 14. Rxa8 Bxa8 15.
Na3 c6 16. dxc6 Bxc6 17. Bd5 Nexd5 18. exd5 Bd7 19. Qb3 Qb8 20. Be3 Bxe3 21.
fxe3 Qb7 22. c4 Rb8 23. e4 bxc4 24. Qxb7 Rxb7 25. Nxc4 Ne8 26. Ra1 Kf8 27. Ra6
Bb5 28. Rb6 Rxb6 29. Nxb6 Ke7 30. Kf2 Kd8 31. Nd2 Kc7 32. Nbc4 Kb7 33. Ke3 Kc7
34. g4 Nf6 35. Na3 Ba6 36. b4 Nd7 37. Ndc4 Nb6 38. Nd2 Na4 39. Nac4 Nc3 40. Kd3
$11 40... Na2 41. h4 Nxb4+ 42. Ke3 Nc2+ 43. Kf3 Nd4+ 44. Ke3 g5 45. hxg5 hxg5
46. Kf2 f6 47. Kg3 Nb3 48. Nxd6 Nxd2 49. Ne8+ Kd8 0-1

[Event "4NCL 3 South pool D"]
[Site "Reading, ENG"]
[Date "2018.03.25"]
[Round "8.71"]
[White "Byron, Alan M"]
[Black "Pickard, Charles"]
[Result "1-0"]
[WhiteElo "2128"]
[BlackElo "2177"]
[PlyCount "39"]
[EventDate "2018.03.25"]

1. e4 c5 2. Nf3 Nc6 3. Bb5 g6 4. c3 Bg7 5. O-O a6 6. Bxc6 dxc6 7. d3 e5 8. Be3
Qe7 9. a3 Bg4 10. h3 Bxf3 11. Qxf3 Rd8 12. Rd1 Nf6 13. b4 Nd7 14. Nd2 cxb4 15.
axb4 Qe6 16. Nc4 O-O 17. Bc5 Nxc5 18. bxc5 Qe7 19. Rdb1 Qxc5 20. Rxb7 1-0

[Event "4NCL 3 South pool D"]
[Site "Reading, ENG"]
[Date "2018.03.25"]
[Round "8.72"]
[White "Hall, John"]
[Black "Josse, Mark"]
[Result "0-1"]
[WhiteElo "2252"]
[BlackElo "2170"]
[PlyCount "80"]
[EventDate "2018.03.25"]

1. e4 c5 2. Nf3 e6 3. d4 cxd4 4. Nxd4 a6 5. Nc3 Qc7 6. Bd3 Nc6 7. Nxc6 dxc6 8.
f4 e5 9. O-O Bd6 10. f5 Nf6 11. Be3 h6 12. Qf3 Bd7 13. a4 O-O 14. Nd1 b5 15. c4
c5 16. Nc3 b4 17. Nd5 Nxd5 18. cxd5 f6 19. b3 Rfc8 20. Rac1 Ra7 21. Rc2 a5 22.
g4 Be8 23. h4 Kh7 24. g5 Qe7 25. Rg2 Rac7 26. Bc4 Qf8 27. Kf2 fxg5 28. hxg5 g6
29. f6 h5 30. Rh1 Kg8 31. Rxh5 gxh5 32. g6 Bd7 33. f7+ Kg7 34. Bg5 Be7 35. Bh6+
Kxh6 36. g7 Qxg7 37. Rxg7 Kxg7 38. Qg3+ Bg4 39. Qxe5+ Bf6 40. Qg3 Bd4+ 0-1

[Event "4NCL 3 South pool D"]
[Site "Reading, ENG"]
[Date "2018.03.25"]
[Round "8.73"]
[White "Jones, Christopher M"]
[Black "Taylor, Mark V"]
[Result "1-0"]
[WhiteElo "2116"]
[BlackElo "1945"]
[PlyCount "89"]
[EventDate "2018.03.25"]

1. e4 e6 2. c4 c5 3. Nf3 d6 4. d4 cxd4 5. Nxd4 Nf6 6. Nc3 Be7 7. Be2 O-O 8. O-O
a6 9. Be3 Qc7 10. Rc1 b6 11. b4 Bb7 12. f3 Nbd7 13. Qb3 Rac8 14. Kh1 Rfe8 15.
Na4 Qb8 16. Rc3 Bf8 17. Rfc1 Ba8 18. a3 g6 19. Qc2 Bg7 20. Rd1 d5 21. cxd5 Rxc3
22. Nxc3 exd5 23. Bxa6 dxe4 24. fxe4 Nxe4 25. Nxe4 Bxe4 26. Qf2 Qa8 27. Bb5 Rd8
28. Bg5 Ne5 29. Bxd8 Qxd8 30. Be2 Qa8 31. Nb5 h5 32. Nd6 h4 33. Nxe4 Qxe4 34.
Bf3 Qf4 35. Qd2 Qf5 36. Qd8+ Bf8 37. Qa8 h3 38. Qe4 hxg2+ 39. Bxg2 Qh5 40. Rd5
Bg7 41. h3 Qg5 42. Kh2 Qf6 43. a4 Bh6 44. Kg1 Nc6 45. Rd1 1-0

[Event "4NCL 3 South pool D"]
[Site "Reading, ENG"]
[Date "2018.03.25"]
[Round "8.74"]
[White "Wojciechowski, Paul"]
[Black "Compton, Alistair"]
[Result "1/2-1/2"]
[WhiteElo "1967"]
[BlackElo "2062"]
[PlyCount "37"]
[EventDate "2018.03.25"]

1. e4 e6 2. d4 d5 3. Nd2 dxe4 4. Nxe4 Bd7 5. Nf3 Bc6 6. Bd3 Nd7 7. O-O Ngf6 8.
Qe2 Nxe4 9. Bxe4 Bxe4 10. Qxe4 c6 11. c4 Be7 12. Bd2 O-O 13. Rfe1 Bf6 14. Rad1
c5 15. Bc3 Qc7 16. b3 Rfd8 17. Qc2 cxd4 18. Bxd4 Bxd4 19. Rxd4 1/2-1/2

[Event "4NCL 3 South pool D"]
[Site "Reading, ENG"]
[Date "2018.03.25"]
[Round "8.75"]
[White "Gibson, Christopher A"]
[Black "Bourne, Iain"]
[Result "1-0"]
[WhiteElo "1909"]
[BlackElo "1870"]
[PlyCount "73"]
[EventDate "2018.03.25"]

1. e4 c5 2. Nf3 g6 3. d4 cxd4 4. Nxd4 Nc6 5. c4 Nf6 6. Nc3 d6 7. Be2 Nxd4 8.
Qxd4 Bg7 9. Be3 O-O 10. Qd2 a5 11. Rd1 Be6 12. O-O a4 13. Bd4 Nd7 14. f4 Bxd4+
15. Qxd4 Ra5 16. Kh1 Qb6 17. Qd2 Rc8 18. b3 axb3 19. axb3 Ra3 20. f5 Qxb3 21.
fxe6 fxe6 22. Rc1 Ne5 23. Qg5 Re8 24. Bg4 Qb2 25. Bxe6+ Kg7 26. Nd5 h6 27. Qf4
g5 28. Qf2 Qxf2 29. Rxf2 Nd3 30. Rf7+ Kh8 31. Rcf1 Nc5 32. Nc7 Rd8 33. Bd5 Rd7
34. Ne8 b6 35. g4 Rda7 36. Rf8+ Kh7 37. R1f7+ 1-0

[Event "4NCL 3 South pool D"]
[Site "Reading, ENG"]
[Date "2018.03.25"]
[Round "8.76"]
[White "Hickman, John E"]
[Black "Jaszkiwskyj, Peter"]
[Result "0-1"]
[WhiteElo "1922"]
[BlackElo "1928"]
[PlyCount "100"]
[EventDate "2018.03.25"]

1. Nf3 Nf6 2. g3 d5 3. Bg2 c5 4. O-O Nc6 5. d3 Bf5 6. Nbd2 e6 7. b3 Be7 8. Bb2
h6 9. e4 Bh7 10. Ne5 Qc7 11. Nxc6 bxc6 12. Qe2 O-O 13. f4 Rfe8 14. Rae1 Rad8
15. a4 Nd7 16. Kh1 Bf6 17. e5 Be7 18. Bh3 Rb8 19. Nf3 Nb6 20. Ba3 c4 21. Bxe7
cxd3 22. cxd3 Rxe7 23. Nd4 c5 24. Rc1 Nd7 25. Nb5 Qb6 26. f5 exf5 27. Bxf5 Rxe5
28. Bxh7+ Kxh7 29. Qf2 f6 30. b4 cxb4 31. d4 Re7 32. Qf5+ Kg8 33. Rc7 a6 34.
Qxd5+ Qe6 35. Qxe6+ Rxe6 36. Rxd7 axb5 37. axb5 Rxb5 38. Ra1 Kh7 39. Raa7 Kg6
40. Rxg7+ Kf5 41. Ra1 Rd6 42. Rf1+ Ke4 43. Rg4+ Kd3 44. d5 Rdxd5 45. Rxf6 b3
46. Rf3+ Kd2 47. Rf2+ Kc3 48. Rf3+ Rd3 49. Rff4 b2 50. Rc4+ Kb3 0-1

[Event "4NCL 3 South pool D"]
[Site "Reading, ENG"]
[Date "2018.03.25"]
[Round "8.81"]
[White "Farkas, Daniel"]
[Black "Gilbert, Jonathan A"]
[Result "1/2-1/2"]
[WhiteElo "2102"]
[BlackElo "2041"]
[PlyCount "34"]
[EventDate "2018.03.25"]

1. d4 d5 2. Bf4 c5 3. e3 Nc6 4. c3 cxd4 5. exd4 g6 6. Bd3 Bg7 7. Nd2 Nh6 8.
Ngf3 O-O 9. Qb3 f6 10. O-O Nf7 11. Bg3 e5 12. dxe5 fxe5 13. Be2 a6 14. Rfd1 Na5
15. Qa3 Bf5 16. Bh4 Qc7 17. Nf1 Nc4 1/2-1/2

[Event "4NCL 3 South pool D"]
[Site "Reading, ENG"]
[Date "2018.03.25"]
[Round "8.82"]
[White "Adams, Mark"]
[Black "Moloney, Nicholas R"]
[Result "1/2-1/2"]
[WhiteElo "1965"]
[BlackElo "2173"]
[PlyCount "80"]
[EventDate "2018.03.25"]

1. e4 c6 2. Nf3 d5 3. exd5 cxd5 4. Ne5 Nd7 5. d4 Ngf6 6. c3 g6 7. Bb5 Bg7 8.
Nd2 O-O 9. Ndf3 Ne4 10. Nxd7 Bxd7 11. Bxd7 Qxd7 12. O-O Rfc8 13. Be3 a5 14. Qe2
Ra6 15. Ne1 Re6 16. Nd3 Qb5 17. Rfe1 Rb6 18. Rad1 e6 19. Bf4 Nd6 20. Bxd6 Rxd6
21. h4 b6 22. a3 $11 22... Qd7 23. g3 f6 24. Qg4 Re8 25. Kg2 Qf7 26. f4 h5 27.
Qf3 Rdd8 28. Rd2 Bf8 29. Rde2 Bd6 30. Rf2 Rb8 31. Qe2 Kg7 32. Ref1 Qd7 33. Qd1
Re7 34. Re1 Rbe8 35. Rfe2 Qb7 36. Kh2 Qc7 37. Re3 Kf7 38. Qf3 Qb7 39. Kg2 Kg7
40. Kh2 Qd7 1/2-1/2

[Event "4NCL 3 South pool D"]
[Site "Reading, ENG"]
[Date "2018.03.25"]
[Round "8.83"]
[White "Agnew, Alan"]
[Black "Fletcher, John"]
[Result "1/2-1/2"]
[WhiteElo "2090"]
[BlackElo "1930"]
[PlyCount "72"]
[EventDate "2018.03.25"]

1. d4 Nf6 2. Nf3 d5 3. c4 e6 4. Nc3 Bb4 5. Bg5 c5 6. cxd5 exd5 7. e3 h6 8. Bxf6
Qxf6 9. Bb5+ Bd7 10. Bxd7+ Nxd7 11. O-O Bxc3 12. bxc3 c4 13. Qa4 a6 14. Rab1 b5
15. Rxb5 Qc6 16. Ra5 Qxa4 17. Rxa4 a5 18. Rb1 Ke7 19. g4 Rhb8 20. Rxb8 Nxb8 21.
e4 Nd7 22. exd5 Nb6 23. Ra3 f6 24. Nd2 a4 25. Ne4 Nxd5 26. f3 Nb6 27. Kf2 Kd7
28. h4 Kc6 29. h5 Nd5 30. Nc5 Kb5 31. Nb7 Ra6 32. Nc5 Ra7 33. Ne4 Rd7 34. Nc5
Ra7 35. Ne4 Rd7 36. Nc5 Ra7 1/2-1/2

[Event "4NCL 3 South pool D"]
[Site "Reading, ENG"]
[Date "2018.03.25"]
[Round "8.84"]
[White "Hughes, Anthony"]
[Black "Mogilarov, Dimitar"]
[Result "1-0"]
[WhiteElo "1925"]
[BlackElo "2118"]
[PlyCount "59"]
[EventDate "2018.03.25"]

1. d4 Nf6 2. Nf3 g6 3. g3 Bg7 4. Bg2 d5 5. O-O Nc6 6. c4 O-O 7. cxd5 Nxd5 8. e4
Nb6 9. d5 Na5 10. Qe1 Nac4 11. Nc3 c6 12. b3 cxd5 13. bxc4 dxe4 14. Ng5 f5 15.
Bb2 Nxc4 16. Rd1 Qa5 17. Rd5 Qb4 18. Rb5 Qd6 19. Ncxe4 fxe4 20. Bxg7 Kxg7 21.
Qc3+ Qf6 22. Qxc4 a6 23. Rc5 b6 24. Nxe4 Qf7 25. Qc3+ Kg8 26. Rc7 Rb8 27. Ng5
Qg7 28. Bd5+ Kh8 29. Rxe7 Qxc3 30. Rxh7# 1-0

[Event "4NCL 3 South pool D"]
[Site "Reading, ENG"]
[Date "2018.03.25"]
[Round "8.85"]
[White "Millward, Kevin P"]
[Black "Davies, Peter"]
[Result "1/2-1/2"]
[WhiteElo "2019"]
[BlackElo "1977"]
[PlyCount "72"]
[EventDate "2018.03.25"]

1. d4 Nf6 2. Bf4 b6 3. Nf3 d6 4. e3 e6 5. h3 Be7 6. Bd3 Bb7 7. O-O O-O 8. Nbd2
Nbd7 9. Bh2 c5 10. Qe2 Qc7 11. c3 Rfe8 12. Rac1 Bf8 13. Rfd1 Rad8 14. Bb5 Bc6
15. a4 a6 16. Bxa6 Bxa4 17. b3 Bc6 18. Ra1 Ne4 19. Nxe4 Bxe4 20. Nd2 Bc6 21.
Ra2 Ra8 22. Rda1 g6 23. b4 e5 24. dxc5 bxc5 25. e4 cxb4 26. cxb4 d5 27. b5 Bb7
28. Bxb7 Qxb7 29. exd5 Rxa2 30. Rxa2 Qxd5 31. Ra7 Rc8 32. Nf1 Rc1 33. g4 Bc5
34. Ra2 Bb4 35. Rc2 Re1 36. Qc4 Nb6 1/2-1/2

[Event "4NCL 3 South pool D"]
[Site "Reading, ENG"]
[Date "2018.03.25"]
[Round "8.86"]
[White "Perrett, David C"]
[Black "Dydak, Mateusz"]
[Result "1-0"]
[WhiteElo "1924"]
[BlackElo "1888"]
[PlyCount "81"]
[EventDate "2018.03.25"]

1. d4 f5 2. Bg5 h6 3. Bf4 Nf6 4. Nc3 d6 5. e4 fxe4 6. Nxe4 Bf5 7. Ng3 e6 8. Bd3
Qd7 9. Nxf5 exf5 10. Qf3 Nc6 11. O-O-O g6 12. h4 O-O-O 13. h5 Nb4 14. hxg6
Nxa2+ 15. Kb1 Nb4 16. Bg5 Nxd3 17. Bxf6 Nxb2 18. Kxb2 Bg7 19. Bxg7 Qxg7 20.
Qxf5+ Rd7 21. Nf3 Rf8 22. Qg4 Rf6 23. Rde1 b6 24. Re6 Rf8 25. Rhe1 Kb7 26. Qe4+
d5 27. Qe5 Qg8 28. Qh5 Rfd8 29. Qxh6 Rg7 30. Nh4 Qf8 31. Qe3 Qb4+ 32. Kc1 a5
33. Qb3 Qxd4 34. Nf3 Qxf2 35. Qc3 Rgd7 36. g7 d4 37. Qc6+ Ka6 38. Qxd7 Rxd7 39.
g8=Q d3 40. Qa8+ Kb5 41. Qc6+ 1-0